[Event "Didymoteicho op 2nd"]
[Site "Didymoteicho"]
[Date "2015.05.29"]
[Round "3"]
[White "Babos, Vasilios"]
[Black "Djakov, Kristian"]
[Result "1/2-1/2"]
[WhiteElo "1854"]
[BlackElo "2050"]
[PlyCount "37"]
[EventDate "2015.05.28"]
[EventType "swiss"]
[EventRounds "7"]
[EventCountry "GRE"]
[SourceTitle "CBM 166 Extra"]
[Source "ChessBase"]
[SourceDate "2015.06.18"]
[SourceVersion "1"]
[SourceVersionDate "2015.06.18"]
[SourceQuality "1"]

1. Nf3 Nf6 2. g3 g6 3. b3 Bg7 4. Bb2 0-0 5. Bg2 d5 6. c4 c6 7. 0-0 Bf5 8. d3 e6 9. b4 dxc4 10. dxc4 Bxb1 11. Qxb1 Qe7 12. Bd4 Nbd7 13. Qb2 Rfd8 14. c5 Ne8 15. e4 e5 16. Bc3 b6 17. cxb6 axb6 18. a4 Nd6 19. Nd2 1/2-1/2